Non-commutative Gelfand theories : a tool-kit for operator theorists and numerical analysts

Αποθηκεύτηκε σε:
Λεπτομέρειες βιβλιογραφικής εγγραφής
Κύριος συγγραφέας: Roch, Stefen 1958-
Άλλοι συγγραφείς: Santos, Pedro A., Silbermann, Bernd 1941-
Μορφή: Βιβλίο
Γλώσσα:English
Δημοσίευση: London ; New York : Springer, c2011
Σειρά:Universitext
Θέματα:
Ετικέτες: Προσθήκη ετικέτας
Δεν υπάρχουν, Καταχωρήστε ετικέτα πρώτοι!

MARC

LEADER 00000nam a2200000 i 4500
001 1/65437
008 150129s2011 eng d
020 |a 978-0-85729-182-0 
035 |l 10120790 
040 |a GR-MY-UA  |b gre  |e aacr 
041 0 |a eng 
082 0 |a 512.554  |2 (23) 
100 1 |a Roch, Stefen  |d 1958- 
245 1 0 |a Non-commutative Gelfand theories :  |b a tool-kit for operator theorists and numerical analysts /  |c Steffen Roch, Pedro A. Santos, Bernd Silbermann 
260 |a London ; New York :   |b Springer,   |c c2011 
300 |a xiv, 383 σ.;  |b σχέδια;  |c 24 εκ. 
490 1 |a Universitext 
504 |a Βιβλιογραφία: σ.369-377. Ευρετήριο 
650 0 0 |a Noncommutative algebras. 
650 0 0 |a Gelfand-Naimark theorem. 
700 1 |a Santos, Pedro A. 
700 1 |a Silbermann, Bernd  |d 1941- 
830 0 |a Universitext 
852 |a INST  |b SAMOS  |e 20150129  |h 512.554 ROC  |p 005300041485  |q 005300041485  |t BK  |y 0 
901 |a BIBL3-2015-1 
909 |a Σ  |b 189868 
922 |a 3ΕΛΗ  |b 201406  |c ΤΜΗΜΑ ΜΑΘΗΜΑΤΙΚΩΝ  |d ΔΙΑΔΡΟΜΕΣ 
970 |a ΚΟΣΙΕΡΗΣ  |b ΧΡΗΣΤΟΣ  |z 2015/01/29